Report of the Experts Committee Appointed to Consider the Establishment of New Universities (Record no. 393736)

000 -LEADER
fixed length control field 00447cam a22001097a 4500
008 - FIXED-LENGTH DATA ELEMENTS--GENERAL INFORMATION
fixed length control field 180718b1954 xxu||||| |||| 00| 0 eng d
082 ## - DEWEY DECIMAL CLASSIFICATION NUMBER
Classification number P5x54 In2e
100 ## - MAIN ENTRY--PERSONAL NAME
Personal name India. Experts Committee Appointed to Consider the Establishment of New Universities
245 ## - TITLE STATEMENT
Title Report of the Experts Committee Appointed to Consider the Establishment of New Universities
Statement of responsibility, etc. by Ministry of Education
260 ## - PUBLICATION, DISTRIBUTION, ETC.
Place of publication, distribution, etc. New Delhi
Name of publisher, distributor, etc. Ministry of Educations
Date of publication, distribution, etc. 1954
300 ## - PHYSICAL DESCRIPTION
Extent 4p.
Holdings
Withdrawn status Lost status Damaged status Not for loan Permanent Location Current Location Date acquired Full call number Barcode Date last seen Price effective from Koha item type
        Indian Institute of Public Administration Indian Institute of Public Administration 2000-06-26 P5x54 In2e 24084 2018-07-21 2018-07-21 Book

Powered by Koha